[Event "Sao Paulo-chT1"]
[Site "Sao Paulo"]
[Date "2019.03.09"]
[Round "5.2"]
[White "Araujo, Renan Aparecido"]
[Black "Da Silva, Tiago Henrique"]
[Result "1/2-1/2"]
[WhiteElo "1903"]
[BlackElo "2080"]
[PlyCount "79"]
[EventDate "2019.02.23"]
[EventType "team-tourn"]
[EventRounds "7"]
[EventCountry "BRA"]
[SourceTitle "EXT 2021"]
[Source "ChessBase"]
[SourceDate "2020.10.23"]
[SourceVersion "1"]
[SourceVersionDate "2020.10.23"]
[SourceQuality "1"]
[WhiteTeam "Osasco II"]
[BlackTeam "Homs"]
[WhiteTeamCountry "BRA"]
[BlackTeamCountry "BRA"]

1. e4 c5 2. Nf3 e6 3. b4 cxb4 4. d4 Nf6 5. Bd3 Be7 6. a3 Nc6 7. 0-0 d6 8. Re1 e5 9. d5 Nb8 10. axb4 0-0 11. h3 Nbd7 12. c4 b6 13. Nc3 Bb7 14. Re2 a5 15. bxa5 Rxa5 16. Rxa5 bxa5 17. Na4 Qc7 18. Ba3 Rc8 19. Rc2 Ba6 20. Nd2 Qb8 21. Rc3 Qa7 22. Qc2 Ne8 23. Nb3 Bb7 24. Kf1 g6 25. Ke2 Ng7 26. c5 dxc5 27. Nbxc5 Nxc5 28. Bxc5 Bxc5 29. Rxc5 Rd8 30. Qc3 f5 31. f3 fxe4 32. fxe4 Ba6 33. Rc7 Bxd3+ 34. Kxd3 Qa6+ 35. Ke3 Qf6 36. Nc5 Qf4+ 37. Kd3 Qf1+ 38. Ke3 Qf4+ 39. Kd3 Qf1+ 40. Ke3 1/2-1/2

[Event "Sao Paulo-chT1"]
[Site "Sao Paulo"]
[Date "2019.03.09"]
[Round "6.2"]
[White "Da Silva, Tiago Henrique"]
[Black "Moura, Victor Cavinato"]
[Result "1-0"]
[WhiteElo "2080"]
[BlackElo "2025"]
[PlyCount "97"]
[EventDate "2019.02.23"]
[EventType "team-tourn"]
[EventRounds "7"]
[EventCountry "BRA"]
[SourceTitle "EXT 2021"]
[Source "ChessBase"]
[SourceDate "2020.10.23"]
[SourceVersion "1"]
[SourceVersionDate "2020.10.23"]
[SourceQuality "1"]
[WhiteTeam "Homs"]
[BlackTeam "Caetano CDRSJ"]
[WhiteTeamCountry "BRA"]
[BlackTeamCountry "BRA"]

1. d4 Nf6 2. Nf3 e6 3. Bg5 Be7 4. e3 b6 5. Bd3 Bb7 6. 0-0 0-0 7. Nbd2 d5 8. c3 Nbd7 9. Qe2 c5 10. Ne5 Nxe5 11. dxe5 Nd7 12. Bxe7 Qxe7 13. f4 f6 14. exf6 gxf6 15. e4 d4 16. Rf3 e5 17. f5 Kh8 18. Bc4 Rfd8 19. Rg3 Bc6 20. a4 Rab8 21. h4 Rb7 22. h5 Nb8 23. h6 Qd6 24. Qg4 Qf8 25. Nf3 Re7 26. Nh4 Nd7 27. Ng6+ hxg6 28. fxg6 Qxh6 29. Rh3 Kg7 30. Rxh6 Kxh6 31. Qh4+ Kxg6 32. Qg4+ Kh7 33. Kf2 Kh8 34. Rh1+ Rh7 35. Rxh7+ Kxh7 36. Qh5+ Kg7 37. Qf7+ Kh6 38. Qe7 Rh8 39. Qd6 Bxa4 40. b3 b5 41. Bd5 dxc3 42. Qxd7 c2 43. Qh3+ Kg7 44. Qc3 b4 45. Qxc5 Bd7 46. Qxc2 Rc8 47. Qa2 Rc7 48. Qa5 Rc2+ 49. Kg1 1-0

[Event "Sao Bernardo do Campo LXSBC STD I"]
[Site "Sao Bernardo do Campo"]
[Date "2016.05.21"]
[Round "3.5"]
[White "Da Silva, Tiago Henrique"]
[Black "Vicentin, Marcos Tadeu"]
[Result "1-0"]
[WhiteElo "2093"]
[BlackElo "1938"]
[PlyCount "63"]
[EventDate "2016.05.20"]
[EventType "swiss"]
[EventRounds "6"]
[EventCountry "BRA"]
[SourceTitle "EXT 2022"]
[Source "ChessBase"]
[SourceDate "2021.10.06"]
[SourceVersion "1"]
[SourceVersionDate "2021.10.06"]
[SourceQuality "1"]

1. d4 Nf6 2. c4 c5 3. d5 b5 4. cxb5 a6 5. bxa6 g6 6. Nc3 Bxa6 7. e4 Bxf1 8. Kxf1 d6 9. g3 Bg7 10. Kg2 0-0 11. Nf3 Nbd7 12. Qe2 Qa5 13. a4 Nb6 14. Ra3 Qb4 15. Qc2 Rfb8 16. Rb3 Qa5 17. Nd2 Ng4 18. Rb5 Qa6 19. b3 Bd4 20. Nf3 Bxf2 21. Qe2 Qc8 22. Nd1 Bd4 23. Nxd4 cxd4 24. Bb2 Ne5 25. Bxd4 Nbd7 26. Nc3 Rxb5 27. Nxb5 Qb7 28. Rc1 Rc8 29. Qb2 Rxc1 30. Qxc1 f5 31. Bxe5 fxe4 32. Qc6 1-0

[Event "Sao Bernardo do Campo LXSBC STD I"]
[Site "Sao Bernardo do Campo"]
[Date "2016.05.21"]
[Round "4.2"]
[White "Gerbelli Neto, Eduardo"]
[Black "Da Silva, Tiago Henrique"]
[Result "1/2-1/2"]
[WhiteElo "2139"]
[BlackElo "2093"]
[PlyCount "32"]
[EventDate "2016.05.20"]
[EventType "swiss"]
[EventRounds "6"]
[EventCountry "BRA"]
[SourceTitle "EXT 2022"]
[Source "ChessBase"]
[SourceDate "2021.10.06"]
[SourceVersion "1"]
[SourceVersionDate "2021.10.06"]
[SourceQuality "1"]

1. e4 c5 2. Nc3 e6 3. f4 d5 4. Nf3 dxe4 5. Bb5+ Bd7 6. Bxd7+ Nxd7 7. Nxe4 Ngf6 8. d3 Qc7 9. 0-0 Nxe4 10. dxe4 Be7 11. c4 0-0-0 12. Qe2 Rhe8 13. Bd2 f5 14. Be3 Bf6 15. e5 Be7 16. Rab1 h6 1/2-1/2

[Event "Sao Paulo op-A U2300 4th"]
[Site "Sao Paulo"]
[Date "2016.03.26"]
[Round "4"]
[White "Da Silva, Tiago Henrique"]
[Black "Pires, Marcos Vinicius Tor"]
[Result "0-1"]
[WhiteElo "2091"]
[BlackElo "2257"]
[PlyCount "76"]
[EventDate "2016.03.24"]
[EventType "swiss"]
[EventRounds "7"]
[EventCountry "BRA"]
[SourceTitle "CBM 171 Extra"]
[Source "ChessBase"]
[SourceDate "2016.04.26"]
[SourceVersion "1"]
[SourceVersionDate "2016.04.26"]
[SourceQuality "1"]

1. d4 d5 2. c4 e6 3. Nc3 Nf6 4. e3 c5 5. cxd5 exd5 6. Nf3 Nc6 7. g3 Bg4 8. Bg2 Be7 9. dxc5 Bxc5 10. 0-0 0-0 11. Qd3 a6 12. h3 Be6 13. Qd1 h6 14. Ne2 Ne4 15. Nfd4 Qf6 16. Nxc6 bxc6 17. Nd4 Bd7 18. Nb3 Bd6 19. Nd2 Ng5 20. Kh2 Rfe8 21. f4 Ne4 22. Nxe4 dxe4 23. Qc2 Qe6 24. b3 c5 25. Bb2 Bb5 26. Rfd1 Bf8 27. Qc3 Rad8 28. a4 Be2 29. Rd2 Rxd2 30. Qxd2 Bd3 31. Qc3 Rb8 32. Ra3 f6 33. a5 c4 34. Ra4 Rxb3 35. Qd4 Qc6 36. Ra1 c3 37. Qxd3 exd3 38. Bxc6 Rxb2+ 0-1

[Event "Sao Bernardo do Campo-ch"]
[Site "Sao Bernardo do Campo"]
[Date "2016.01.31"]
[Round "9"]
[White "Rodrigues, Leonardo De Miranda"]
[Black "Da Silva, Tiago Henrique"]
[Result "1/2-1/2"]
[WhiteElo "2126"]
[BlackElo "2079"]
[PlyCount "32"]
[EventDate "2016.01.23"]
[EventType "tourn"]
[EventRounds "9"]
[EventCountry "BRA"]
[SourceTitle "CBM 170 Extra"]
[Source "ChessBase"]
[SourceDate "2016.02.25"]
[SourceVersion "1"]
[SourceVersionDate "2016.02.25"]
[SourceQuality "1"]

1. d4 d5 2. Nf3 Nf6 3. c4 c6 4. e3 e6 5. Nc3 Nbd7 6. Bd3 dxc4 7. Bxc4 b5 8. Bd3 a6 9. e4 c5 10. d5 Bb7 11. dxe6 fxe6 12. 0-0 c4 13. Bc2 Qb6 14. Be3 Bc5 15. Bxc5 Nxc5 16. e5 Nd5 1/2-1/2

[Event "Sao Bernardo do Campo-ch"]
[Site "Sao Bernardo do Campo"]
[Date "2016.01.30"]
[Round "7"]
[White "Sega, Carlos Alberto"]
[Black "Da Silva, Tiago Henrique"]
[Result "1/2-1/2"]
[WhiteElo "2241"]
[BlackElo "2079"]
[PlyCount "54"]
[EventDate "2016.01.23"]
[EventType "tourn"]
[EventRounds "9"]
[EventCountry "BRA"]
[SourceTitle "CBM 170 Extra"]
[Source "ChessBase"]
[SourceDate "2016.02.25"]
[SourceVersion "1"]
[SourceVersionDate "2016.02.25"]
[SourceQuality "1"]

1. c4 e5 2. Nc3 Nf6 3. Nf3 Nc6 4. e4 Bc5 5. Nxe5 Nxe5 6. d4 Bxd4 7. Qxd4 Nc6 8. Qd2 0-0 9. Be2 d6 10. 0-0 Nd7 11. b3 Nc5 12. Bb2 a5 13. Rae1 f5 14. exf5 Bxf5 15. Nd5 Qd7 16. Ba1 Nb4 17. Bg4 Nxd5 18. Qxd5+ Kh8 19. Bxf5 Rxf5 20. Qd4 Rf7 21. Re2 Re8 22. Rfe1 Rxe2 23. Rxe2 Re7 24. Kf1 Rxe2 25. Kxe2 Kg8 26. h3 Qe6+ 27. Kd2 Ne4+ 1/2-1/2

[Event "Osasco Franca Garcia Memorial"]
[Site "Osasco"]
[Date "2015.06.26"]
[Round "2"]
[White "Silva, Vinicius Parente"]
[Black "Da Silva, Tiago Henrique"]
[Result "0-1"]
[WhiteElo "1791"]
[BlackElo "2045"]
[PlyCount "96"]
[EventDate "2015.06.26"]
[EventType "swiss"]
[EventRounds "6"]
[EventCountry "BRA"]
[SourceTitle "EXT 2016"]
[Source "ChessBase"]
[SourceDate "2015.10.08"]
[SourceVersion "1"]
[SourceVersionDate "2015.10.08"]
[SourceQuality "1"]

1. e4 c5 2. Nc3 e6 3. g3 Nc6 4. Bg2 a6 5. d3 Nf6 6. f4 d6 7. Nf3 Qc7 8. 0-0 Be7 9. h3 b5 10. a3 Bb7 11. Be3 0-0 12. g4 Rfd8 13. g5 Nd7 14. f5 b4 15. axb4 cxb4 16. Ne2 exf5 17. exf5 Nce5 18. Ng3 Nxf3+ 19. Bxf3 Bxf3 20. Qxf3 Ne5 21. Qf2 Rdc8 22. f6 Bf8 23. fxg7 Bxg7 24. Rac1 Qd7 25. Nf5 b3 26. Nxg7 Kxg7 27. Qf6+ Kg8 28. Rf5 Qe6 29. c3 Nxd3 30. Qxe6 fxe6 31. Rf6 Nxc1 32. Bxc1 Re8 33. h4 Ra7 34. Rf4 a5 35. h5 e5 36. Rf6 Rd7 37. g6 hxg6 38. hxg6 Kg7 39. Rf2 Kxg6 40. Be3 d5 41. Rd2 Kf5 42. Bb6 a4 43. c4 Rg7+ 44. Kf2 dxc4 45. Ba5 Rh8 46. Kf3 Rh3+ 47. Kf2 Rh2+ 48. Ke3 Rg3# 0-1

[Event "Sao Paulo ECP Etapa Siegmund Gansl I"]
[Site "Sao Paulo"]
[Date "2015.06.14"]
[Round "6.1"]
[White "Gomez, Gustavo Pizzocaro"]
[Black "Da Silva, Tiago Henrique"]
[Result "1-0"]
[WhiteElo "2125"]
[BlackElo "2045"]
[PlyCount "73"]
[EventDate "2015.06.12"]
[EventType "swiss"]
[EventRounds "6"]
[EventCountry "BRA"]
[SourceTitle "EXT 2022"]
[Source "ChessBase"]
[SourceDate "2021.10.06"]
[SourceVersion "1"]
[SourceVersionDate "2021.10.06"]
[SourceQuality "1"]

1. d4 d5 2. c4 c6 3. cxd5 cxd5 4. Nc3 Nf6 5. Bf4 Nc6 6. e3 a6 7. Bd3 e6 8. Nge2 Be7 9. 0-0 0-0 10. h3 b5 11. Rc1 Bb7 12. Bb1 Rc8 13. Qd3 Re8 14. Bh2 Nb4 15. Qd2 Nd7 16. Nf4 Nf8 17. Nce2 Qb6 18. Nd3 Nxd3 19. Bxd3 b4 20. b3 a5 21. Rxc8 Rxc8 22. Rc1 Bd6 23. Rxc8 Bxh2+ 24. Kxh2 Bxc8 25. Qc2 Ba6 26. Nf4 Bxd3 27. Nxd3 Qb5 28. Kg1 g6 29. Ne5 f6 30. Nc6 Kg7 31. Na7 Qb6 32. Qc5 Qa6 33. Qe7+ Kg8 34. Qc7 e5 35. Nc6 exd4 36. Nd8 Kh8 37. Qe7 1-0

[Event "Sao Paulo ECP Etapa Siegmund Gansl I"]
[Site "Sao Paulo"]
[Date "2015.06.12"]
[Round "1.2"]
[White "Da Silva, Tiago Henrique"]
[Black "Sato, Leticia Miho"]
[Result "1-0"]
[WhiteElo "2045"]
[BlackElo "1500"]
[PlyCount "83"]
[EventDate "2015.06.12"]
[EventType "swiss"]
[EventRounds "6"]
[EventCountry "BRA"]
[SourceTitle "EXT 2022"]
[Source "ChessBase"]
[SourceDate "2021.10.06"]
[SourceVersion "1"]
[SourceVersionDate "2021.10.06"]
[SourceQuality "1"]

1. d4 d5 2. Nf3 Nf6 3. Bg5 Nbd7 4. e3 h6 5. Bh4 e6 6. Bd3 c5 7. c3 Bd6 8. Nbd2 0-0 9. 0-0 c4 10. Bc2 b5 11. e4 dxe4 12. Nxe4 Be7 13. Qe2 Bb7 14. Nxf6+ Nxf6 15. a4 a6 16. Rfe1 Re8 17. Ne5 Qd5 18. f3 Rab8 19. axb5 axb5 20. Ra7 Qd8 21. Bxf6 Bxf6 22. Rxb7 Rxb7 23. Qe4 Qc8 24. Qh7+ Kf8 25. Ng4 Rd7 26. Re4 Ke7 27. Nxf6 gxf6 28. Rf4 Rh8 29. Qg7 f5 30. Bxf5 Rg8 31. Qe5 Rd5 32. Qxd5 exd5 33. Bxc8 Rxc8 34. Rf5 Ke6 35. Re5+ Kd6 36. Kf2 Ra8 37. Kg3 Ra2 38. Re2 b4 39. Kf2 bxc3 40. bxc3 Rxe2+ 41. Kxe2 Ke6 42. g4 1-0

[Event "BRA-ch Amateur"]
[Site "Sao Paulo"]
[Date "2014.03.04"]
[Round "7"]
[White "Da Silva, Tiago Henrique"]
[Black "Dibai, Jerry"]
[Result "1/2-1/2"]
[WhiteElo "2071"]
[BlackElo "1792"]
[PlyCount "37"]
[EventDate "2014.03.01"]
[EventType "swiss"]
[EventRounds "7"]
[EventCountry "BRA"]
[SourceTitle "EXT 2016"]
[Source "ChessBase"]
[SourceDate "2015.10.08"]
[SourceVersion "1"]
[SourceVersionDate "2015.10.08"]
[SourceQuality "1"]

1. d4 Nf6 2. c4 g6 3. Nc3 Bg7 4. e4 d6 5. Be2 0-0 6. Bg5 Na6 7. Qd2 e5 8. d5 c6 9. dxc6 bxc6 10. 0-0-0 Nc5 11. f3 Ne6 12. Be3 Nd4 13. h4 Nh5 14. g4 Nf4 15. Bxf4 exf4 16. Qxf4 Be6 17. Bd3 Be5 18. Qh6 Qf6 19. Nh3 1/2-1/2

[Event "BRA-ch Amateur"]
[Site "Sao Paulo"]
[Date "2014.03.01"]
[Round "1"]
[White "Da Silva, Tiago Henrique"]
[Black "Nobre, Jailson Altair Barb"]
[Result "1-0"]
[WhiteElo "2071"]
[BlackElo "1801"]
[PlyCount "59"]
[EventDate "2014.03.01"]
[EventType "swiss"]
[EventRounds "7"]
[EventCountry "BRA"]
[SourceTitle "EXT 2016"]
[Source "ChessBase"]
[SourceDate "2015.10.08"]
[SourceVersion "1"]
[SourceVersionDate "2015.10.08"]
[SourceQuality "1"]

1. d4 Nf6 2. c4 e6 3. Nc3 Bb4 4. e3 0-0 5. a3 Bxc3+ 6. bxc3 d6 7. Bd3 c5 8. Ne2 Nbd7 9. 0-0 Qc7 10. e4 e5 11. f4 Re8 12. fxe5 dxe5 13. d5 Nb6 14. Qe1 Qd6 15. Qh4 Nfd7 16. Be3 Qe7 17. Qf2 f6 18. a4 Rb8 19. a5 Na8 20. Nc1 Nc7 21. Be2 Na6 22. Nb3 b6 23. Bg4 Qd6 24. axb6 axb6 25. Rfb1 Rd8 26. Nd2 Bb7 27. Nf3 Nc7 28. Nh4 Ne8 29. Be6+ Kh8 30. Ng6+ 1-0

[Event "BRA-ch Amateur"]
[Site "Sao Paulo"]
[Date "2014.03.01"]
[Round "2"]
[White "Peixoto, Helio Ricardo Souti"]
[Black "Da Silva, Tiago Henrique"]
[Result "0-1"]
[WhiteElo "1918"]
[BlackElo "2071"]
[PlyCount "145"]
[EventDate "2014.03.01"]
[EventType "swiss"]
[EventRounds "7"]
[EventCountry "BRA"]
[SourceTitle "EXT 2016"]
[Source "ChessBase"]
[SourceDate "2015.10.08"]
[SourceVersion "1"]
[SourceVersionDate "2015.10.08"]
[SourceQuality "1"]

1. Nf3 Nf6 2. b3 g6 3. Bb2 Bg7 4. e3 c5 5. d4 0-0 6. Be2 b6 7. 0-0 Bb7 8. c4 cxd4 9. Nxd4 d5 10. cxd5 Nxd5 11. Nc3 Nd7 12. Nxd5 Bxd5 13. Bf3 Ne5 14. Bxd5 Qxd5 15. Qe2 Rfd8 16. Rac1 Qe4 17. Rfd1 Rac8 18. h3 Rxc1 19. Bxc1 Qd5 20. Rd2 Qa5 21. f4 Rc8 22. Rc2 Rxc2 23. Qxc2 Qe1+ 24. Kh2 Nd7 25. Bd2 Qf2 26. Qc8+ Nf8 27. Nf3 Bf6 28. Qa6 Ne6 29. b4 h5 30. Qb5 Ng7 31. e4 Ne6 32. e5 Bg7 33. Qc4 Bh6 34. a3 h4 35. Be1 Qb2 36. Bd2 Qxa3 37. Nxh4 Nf8 38. Nf3 a5 39. bxa5 bxa5 40. Nd4 Qb2 41. Qd3 a4 42. g3 g5 43. f5 g4 44. Nc2 Bxd2 45. Qxd2 gxh3 46. Kxh3 Qxe5 47. Qd3 Nh7 48. Qd8+ Kg7 49. Qd4 Qxd4 50. Nxd4 Kf6 51. Kg4 Ke5 52. Nc2 Ke4 53. Na3 Kd3 54. Kh5 Kc3 55. Kh6 Nf6 56. Kg7 Ne4 57. g4 Nd6 58. Kf8 Nc8 59. g5 Nd6 60. Kxe7 Nxf5+ 61. Kxf7 Kb3 62. Kf6 Nh4 63. Nb5 Kb4 64. Nd4 Kc4 65. Nf3 a3 66. Nxh4 a2 67. Kf7 a1Q 68. Nf5 Qe5 69. g6 Qxf5+ 70. Kg7 Kd5 71. Kh8 Qh5+ 72. Kg7 Ke6 73. Kf8 0-1

[Event "Sao Paulo Braga Memorial 2nd"]
[Site "Sao Paulo"]
[Date "2013.07.11"]
[Round "7"]
[White "Da Silva, Tiago Henrique"]
[Black "Umetsubo, Cesar Hidemitsu"]
[Result "0-1"]
[WhiteElo "2069"]
[BlackElo "2294"]
[PlyCount "128"]
[EventDate "2013.07.05"]
[EventType "swiss"]
[EventRounds "9"]
[EventCountry "BRA"]
[SourceTitle "CBM 155 Extra"]
[Source "ChessBase"]
[SourceDate "2013.08.26"]
[SourceVersion "1"]
[SourceVersionDate "2013.08.26"]
[SourceQuality "1"]

1. d4 Nf6 2. c4 e6 3. Nc3 Bb4 4. e3 0-0 5. a3 Bxc3+ 6. bxc3 c5 7. Bd3 Nc6 8. Ne2 b6 9. 0-0 Ba6 10. e4 Ne8 11. f4 f5 12. Ng3 g6 13. Be3 cxd4 14. cxd4 d5 15. cxd5 Bxd3 16. Qxd3 fxe4 17. Nxe4 Qxd5 18. Nc3 Qf5 19. Rad1 Rd8 20. d5 Ne7 21. Qa6 Nc7 22. Qxa7 Nexd5 23. Nxd5 Nxd5 24. Bd4 Rf7 25. Qa6 Nxf4 26. Be3 Rxd1 27. Rxd1 Qg4 28. Rd8+ Kg7 29. Bxf4 Qxf4 30. Qe2 e5 31. h3 Rc7 32. Rd1 h5 33. Rf1 Rc1 34. Rxc1 Qxc1+ 35. Kh2 Qf4+ 36. g3 Qd4 37. Qc2 Qd6 38. h4 Kf6 39. Qf2+ Ke7 40. Qe3 Kd7 41. Qe4 Kc7 42. Qc4+ Kb7 43. Qe4+ Kb8 44. Qe3 Qf6 45. a4 Kb7 46. Qe4+ Ka7 47. Qe3 Qe6 48. Qa3 Qd7 49. Qe3 Qd4 50. Qb3 Qf2+ 51. Kh3 e4 52. Qc4 Qf5+ 53. Kh2 Kb7 54. Qd4 Qe6 55. Qe3 Qa2+ 56. Kg1 Qxa4 57. Qg5 Qa1+ 58. Kf2 Qa2+ 59. Ke3 Qe6 60. Qb5 Qd6 61. Qb2 Qxg3+ 62. Kxe4 Qxh4+ 63. Kd5 Qe7 64. Qg2 Qc5+ 0-1

[Event "Sao Paulo Braga Memorial 2nd"]
[Site "Sao Paulo"]
[Date "2013.07.06"]
[Round "2"]
[White "Da Silva, Tiago Henrique"]
[Black "De Assis, Rubens Mesquita"]
[Result "1-0"]
[WhiteElo "2069"]
[BlackElo "1794"]
[PlyCount "79"]
[EventDate "2013.07.05"]
[EventType "swiss"]
[EventRounds "9"]
[EventCountry "BRA"]
[SourceTitle "CBM 155 Extra"]
[Source "ChessBase"]
[SourceDate "2013.08.26"]
[SourceVersion "1"]
[SourceVersionDate "2013.08.26"]
[SourceQuality "1"]

1. d4 Nf6 2. c4 e6 3. Nc3 Bb4 4. e3 Bxc3+ 5. bxc3 d6 6. Bd3 Nbd7 7. Ne2 0-0 8. 0-0 b6 9. Ng3 Bb7 10. e4 e5 11. f4 c5 12. fxe5 dxe5 13. d5 Qc7 14. Bg5 Ne8 15. Be7 Nd6 16. Bxf8 Rxf8 17. Nf5 f6 18. Rf3 Nxf5 19. Rxf5 g6 20. Rf2 Rf7 21. Be2 Qd6 22. Bg4 Nf8 23. a4 Ba6 24. Qe2 h5 25. Bh3 Kh8 26. a5 bxa5 27. Rxa5 Qb6 28. Qa2 Bxc4 29. Qa1 Rb7 30. g3 Bd3 31. Qa4 Qb1+ 32. Bf1 Qc1 33. Qa3 Qe1 34. Qxc5 Kg8 35. Rxf6 Rf7 36. Rxf7 Kxf7 37. Rxa7+ Kg8 38. Qf2 Qxf2+ 39. Kxf2 Bxe4 40. d6 1-0

[Event "Sao Bernardo do Campo op"]
[Site "Sao Bernardo do Campo"]
[Date "2013.05.26"]
[Round "5"]
[White "Da Silva, Tiago Henrique"]
[Black "De Sousa, Matheus Mazim"]
[Result "0-1"]
[WhiteElo "2117"]
[BlackElo "1906"]
[PlyCount "56"]
[EventDate "2013.05.24"]
[EventType "swiss"]
[EventRounds "6"]
[EventCountry "BRA"]
[SourceTitle "CBM 154 Extra"]
[Source "ChessBase"]
[SourceDate "2013.06.25"]
[SourceVersion "2"]
[SourceVersionDate "2013.06.25"]
[SourceQuality "1"]

1. d4 d5 2. c4 e6 3. Nc3 Nf6 4. cxd5 exd5 5. Bg5 g6 6. Bxf6 Qxf6 7. Nxd5 Qc6 8. e4 Be6 9. Bb5 Bb4+ 10. Nxb4 Qxb5 11. Qd2 Na6 12. Nxa6 Qxa6 13. d5 0-0-0 14. Qe2 Qa5+ 15. Kf1 Bd7 16. a4 f5 17. Qc4 fxe4 18. b4 Qb6 19. Ne2 Rhf8 20. Nd4 Be6 21. Rc1 Bxd5 22. Qc3 Bc4+ 23. Qxc4 Rxd4 24. Qe2 Rxb4 25. g3 e3 26. f4 g5 27. Qg4+ Kb8 28. Qxg5 Rb1 0-1

[Event "Sao Bernardo LXSBC 2nd"]
[Site "Sao Bernardo do Campo"]
[Date "2007.11.04"]
[Round "6"]
[White "Da Silva, Tiago Henrique"]
[Black "Batista, Roberto Adriano"]
[Result "1/2-1/2"]
[WhiteElo "2096"]
[BlackElo "1960"]
[PlyCount "130"]
[EventDate "2007.11.01"]
[EventType "tourn"]
[EventRounds "11"]
[EventCountry "BRA"]
[SourceTitle "EXT 2022"]
[Source "ChessBase"]
[SourceDate "2021.10.06"]
[SourceVersion "1"]
[SourceVersionDate "2021.10.06"]
[SourceQuality "1"]

1. d4 d5 2. c4 c6 3. Nc3 Nf6 4. e3 e6 5. Nf3 Nbd7 6. Qc2 Bd6 7. b3 0-0 8. Be2 dxc4 9. bxc4 e5 10. 0-0 Re8 11. Rd1 Qe7 12. Bb2 e4 13. Nd2 Nf8 14. c5 Bc7 15. Nc4 Bg4 16. d5 cxd5 17. Nxd5 Nxd5 18. Rxd5 Be6 19. Rd4 Qxc5 20. Qxe4 b5 21. Nd2 Be5 22. Rc1 Bc4 23. Bxc4 bxc4 24. Rdxc4 Bxb2 25. Qxe8 Qxc4 26. Qxf8+ Kxf8 27. Rxc4 Rd8 28. Rc2 Bc3 29. Nf1 Ba5 30. f3 Bb6 31. Kf2 Rd5 32. Ke2 Ke7 33. a4 Ra5 34. Rc4 Rd5 35. g4 h5 36. h3 hxg4 37. hxg4 Ra5 38. e4 g6 39. Nd2 Rc5 40. Kd3 Ke6 41. f4 Rc7 42. Nb3 Rxc4 43. Kxc4 g5 44. fxg5 Ke5 45. Nc5 Kf4 46. Kd5 Kxg4 47. Nd7 Bc7 48. Ne5+ Bxe5 49. g6 fxg6 50. Kxe5 g5 51. Kf6 Kf4 52. e5 g4 53. e6 g3 54. e7 g2 55. e8Q g1Q 56. Qe5+ Kf3 57. Qf5+ Ke2 58. Qc2+ Kf3 59. Qd3+ Qe3 60. Qxe3+ Kxe3 61. Ke5 Kd3 62. Kd5 Kc3 63. Kc5 Kb3 64. Kb5 a6+ 65. Ka5 Ka3 1/2-1/2

[Event "Sao Bernardo LXSBC 2nd"]
[Site "Sao Bernardo do Campo"]
[Date "2007.11.03"]
[Round "3"]
[White "Gerbelli Neto, Eduardo"]
[Black "Da Silva, Tiago Henrique"]
[Result "1/2-1/2"]
[WhiteElo "2157"]
[BlackElo "2096"]
[PlyCount "64"]
[EventDate "2007.11.01"]
[EventType "tourn"]
[EventRounds "11"]
[EventCountry "BRA"]
[SourceTitle "EXT 2022"]
[Source "ChessBase"]
[SourceDate "2021.10.06"]
[SourceVersion "1"]
[SourceVersionDate "2021.10.06"]
[SourceQuality "1"]

1. e4 c5 2. Nc3 e6 3. f4 d5 4. Nf3 dxe4 5. Bb5+ Bd7 6. Bxd7+ Nxd7 7. Nxe4 Ngf6 8. d3 Be7 9. 0-0 Qc7 10. Qe2 Rc8 11. c4 0-0 12. Bd2 Rfd8 13. Rad1 Nxe4 14. dxe4 Nb8 15. Bc3 Rxd1 16. Rxd1 Qxf4 17. Be5 Qh6 18. g3 Nc6 19. Rd7 Qc1+ 20. Kg2 Rd8 21. Rxd8+ Bxd8 22. Bc3 Qb1 23. a3 Bf6 24. e5 Be7 25. Qd2 Qe4 26. Qf4 Qe2+ 27. Kg1 h6 28. h4 b6 29. Kh1 Qf1+ 30. Kh2 Qe2+ 31. Kh3 Qf1+ 32. Kh2 Qe2+ 1/2-1/2

[Event "Sao Bernardo LXSBC 2nd"]
[Site "Sao Bernardo do Campo"]
[Date "2007.11.01"]
[Round "1"]
[White "Saito, Vinicius Ikezu"]
[Black "Da Silva, Tiago Henrique"]
[Result "1/2-1/2"]
[WhiteElo "2063"]
[BlackElo "2096"]
[PlyCount "64"]
[EventDate "2007.11.01"]
[EventType "tourn"]
[EventRounds "11"]
[EventCountry "BRA"]
[SourceTitle "EXT 2022"]
[Source "ChessBase"]
[SourceDate "2021.10.06"]
[SourceVersion "1"]
[SourceVersionDate "2021.10.06"]
[SourceQuality "1"]

1. d4 d5 2. c4 c6 3. cxd5 cxd5 4. Nc3 Nf6 5. Bf4 Nc6 6. e3 e6 7. Nf3 a6 8. a3 Be7 9. h3 0-0 10. Bd3 b5 11. 0-0 Bb7 12. Ne5 Rc8 13. Rc1 Nd7 14. Nxd7 Qxd7 15. b4 Bd6 16. Bxd6 Qxd6 17. Qb3 Rfd8 18. Ne2 e5 19. dxe5 Qxe5 20. Rc5 Ne7 21. Rfc1 Rxc5 22. Rxc5 Rc8 23. Rxc8+ Bxc8 24. Qc3 Qg5 25. Qc7 g6 26. Kf1 Kg7 27. Nd4 Qf6 28. Qc5 Bf5 29. Bxf5 Nxf5 30. Nxf5+ Qxf5 31. Qc3+ Kg8 32. Ke2 h5 1/2-1/2

[Event "Sao Paulo Interclubs Paulista"]
[Site "Sao Paulo"]
[Date "2007.02.24"]
[Round "1"]
[White "Da Silva, Tiago Henrique"]
[Black "Marra, Eduardo da Costa"]
[Result "0-1"]
[WhiteElo "2096"]
[BlackElo "2290"]
[PlyCount "48"]
[EventDate "2007.02.24"]
[EventType "team"]
[EventRounds "7"]
[EventCountry "BRA"]
[SourceTitle "CBM 117 Extra"]
[Source "ChessBase"]
[SourceDate "2007.05.09"]
[SourceVersion "1"]
[SourceVersionDate "2007.05.09"]
[SourceQuality "1"]

1. d4 Nf6 2. c4 e6 3. Nc3 Bb4 4. e3 b6 5. Bd3 Bb7 6. Nge2 Bxg2 7. Rg1 Be4 8. a3 Bxc3+ 9. Nxc3 Bg6 10. e4 d6 11. Bg5 e5 12. d5 Nbd7 13. Qc2 Qc8 14. 0-0-0 h6 15. Be3 Nc5 16. f4 exf4 17. Bxf4 Qd7 18. b4 Nxd3+ 19. Qxd3 a5 20. b5 0-0-0 21. Qd4 Qe7 22. Rde1 Nd7 23. e5 dxe5 24. Bxe5 Qxa3+ 0-1